01861cam a22003011 4500001001300000003000400013005001700017008004100034010001700075035002000092040004900112050002500161110009000186245030200276260004800578300002100626490014000647500008800787505043900875650002701314650002101341650002501362700003801387700003501425700004601460700003601506999001701542e 34000636 DLC20260227111225.0850917s1934 dcu f000 0 eng c ae 34000636  a(OCoLC)12563559 aU.S. Office of Education. LibrarycNBuCdDLC00aLC1045b.A25 no. 1722 aAmerican Vocational Association.bCommittee on Trade and Industrial Teacher Training.10aVocational teacher training in the industrial field;bfour reports to the Committee on Trade and Industrial Teacher Training of the American Vocational Association, Inc. 1934.cUnited States Department of the Interior, Harold L. Ickes, Secretary. Office of Education, George F. Zook, Commissioner. aWashington,bU.S. Govt. Print. Off.,c1934. av, 32 p.c23 cm.0 aUnited States. Office of Education. [Vocational Division] Vocational education bulletinvno. 172.aTrade and industrial series,vno. 50 aBound with Vocational education bulletin no. 173-no. 180 subsequent to publication.0 aUpgrading vocational teachers in service, by G.D. Whitney.--Methods being used in selecting persons to be trained as vocational instructors, by J.G. Spofford.--Procedures to be followed in giving attention to the needs of individual students in teacher-training courses, by G.E. Myers.--A comparative study of the bases and methods for certification of vocational teachers. (Limited to the trade and industrial field) By B.W. Johnson. 0aTeachersxTraining of. 0aManual training. 0aTechnical education.1 aWhitney, Gerald DeForrest,d1884-1 aSpofford, Judson Gould,d1883-1 aMyers, George E.q(George Edmund),d1871-1 aJohnson, Benjamin Wiley,d1869- c21410d21410